000 02118nam a2200565 i 4500
001 15482
003 KOSZ 005
005 20200630102509.0
008 200417s1973 pl f 000 0 pol
015 _aUWD 1973/6247
035 _a991034289629705066
035 _a(PL-WaBN)b1917262x-48omnis_nlop
035 _ab1917262x
035 _a(OCoLC)838847119
035 _a(PL)b0000001917262
035 _a(EXLNZ-48OMNIS_NETWORK)9910525102105606
040 _aWA N
_cWA N
_dKOSZ 005/RW
046 _k1973
080 _a666.97/.98
080 _a656.13
080 _a657.47
100 1 _aBolkowski, Jerzy
_eAutor
245 1 0 _aKoszty transportu podstawowych surowców i wyrobów w przemyśle betonów /
_cJerzy Bolkowski ; Centralny Ośrodek Badawczo-Rozwojowy Przemysłu Betonów "Cebet".
260 _aWarszawa :
_bCentralny Ośrodek Informacji Budownictwa,
_c1973.
300 _a48 stron, [1] karta tablic ;
_c21 cm.
336 _aTekst
_btxt
_2rdacontent
337 _aBez urządzenia pośredniczącego
_bn
_2rdamedia
338 _aWolumin
_bnc
_2rdacarrier
380 _aKsiążki
380 _aPublikacje fachowe
388 _a1901-2000
388 _a1945-1989
490 1 _aE - Ekonomika i Organizacja w Przemyśle Betonów
500 _aNazwa autora na stronie 2 okładki Koniec tekstu na stronie okładki.
504 _aBibliografia na stronach 48 - [49].
650 7 _aBeton
_2DBN
650 7 _aPrzemysł
650 7 _aEkonomika
650 7 _aTransport samochodowy
_2DBN
650 7 _aKoszty
655 7 _aOpracowanie
658 _aGospodarka, ekonomia, finanse
658 _aTransport i logistyka
710 2 _aCentralny Ośrodek Badawczo-Rozwojowy Przemysłu Betonów "CEBET" (Warszawa)
710 2 _aCentralny Ośrodek Informacji Budownictwa
_4pbl
830 0 _aE - Ekonomika i Organizacja w Przemyśle Betonów
856 _uhttp://koha.tu.koszalin.pl/cgi-bin/koha/opac-detail.pl?biblionumber=15482
_yKatalog online BPK
942 _2UKD
_cKS
999 _c15482
_d15482